000 00383pab a2200145 454500
008 180718b2001 xxu||||| |||| 00| 0 eng d
100 _aLane, Philip R.
245 _aInternational trade and economic convergence: the credit channel
260 _c2001
300 _ap.221-40
362 _aApr
650 _aInternational trade
773 _aOxford Economic Papers
909 _a48818
999 _c48818
_d48818